Service charges (Record no. 114223)
[ view plain ]
| 000 -LEADER | |
|---|---|
| fixed length control field | 01521cam a22002535a 4500 |
| 001 - CONTROL NUMBER | |
| control field | L156379 |
| 008 - FIXED-LENGTH DATA ELEMENTS--GENERAL INFORMATION | |
| fixed length control field | 150512s2012 xxk f 001 0 eng d |
| 020 ## - INTERNATIONAL STANDARD BOOK NUMBER | |
| International Standard Book Number | 9781846612473 |
| 035 ## - SYSTEM CONTROL NUMBER | |
| System control number | (Sirsi) u156379 |
| 041 0# - LANGUAGE CODE | |
| Language code of text/sound track or separate title | eng |
| 050 04 - LIBRARY OF CONGRESS CALL NUMBER | |
| Classification number | 346.4204346 $2 18 |
| 100 1# - MAIN ENTRY--PERSONAL NAME | |
| Personal name | Freeman, Philip |
| 245 00 - TITLE STATEMENT | |
| Title | Service charges |
| Remainder of title | law and practice |
| 250 ## - EDITION STATEMENT | |
| Edition statement | 5th ed. |
| 260 ## - PUBLICATION, DISTRIBUTION, ETC. | |
| Place of publication, distribution, etc. | Bristol |
| Name of publisher, distributor, etc. | Jordans |
| Date of publication, distribution, etc. | 2012 |
| 300 ## - PHYSICAL DESCRIPTION | |
| Extent | xxxvi, 394 p. |
| Dimensions | 25 cm |
| 350 ## - PRICE (NR) (BK AM CF MU VM SE) [OBSOLETE] | |
| Price | 45.60 |
| 505 2# - FORMATTED CONTENTS NOTE | |
| Formatted contents note | Matters applicable to commercial and residential leases -- Special rules for residential lettings -- Value added tax -- Reserve funds and sinking funds -- Service charges: freehold and commonhold properties -- Statutory obligations -- Commercial codes of practice -- Appendix 1: specimen service charges clauses -- Appendix2: specimen notices, demands, accounts and certificates -- Appendix 3: extracts from legislation. |
| 520 ## - SUMMARY, ETC. | |
| Summary, etc. | This newest edition of this book has been revised to take account of over 30 new LVT cases, the new RICS Code of Practice for Service Charges in Commercial Property, as well as new material on Energy Efficiency Certificates, Display Energy Certificates and green leases. The concise and easily understood commentary is supported by specimen service charge clauses, model accounts, notices and certificates making this book an invaluable and immensely practical guide to this difficult subject. |
| 521 ## - TARGET AUDIENCE NOTE | |
| Target audience note | Advanced. |
| 651 #4 - SUBJECT ADDED ENTRY--GEOGRAPHIC NAME | |
| Geographic name | ENGLAND AND WALES |
| 690 ## - LOCAL SUBJECT ADDED ENTRY--TOPICAL TERM (OCLC, RLIN) | |
| Topical term or geographic name as entry element | Property management. |
| 9 (RLIN) | 6262 |
| 942 ## - ADDED ENTRY ELEMENTS (KOHA) | |
| Suppress in OPAC | 0 |
| Withdrawn status | Lost status | Source of classification or shelving scheme | Damaged status | Not for loan | Home library | Current library | Shelving location | Date acquired | Cost, normal purchase price | Total Checkouts | Full call number | Barcode | Date last seen | Copy number | Cost, replacement price | Price effective from | Koha item type |
|---|---|---|---|---|---|---|---|---|---|---|---|---|---|---|---|---|---|
| Dewey Decimal Classification | London | London | Books | 27/09/2012 | 45.60 | 346.4204342 FRE | 30077786 | 06/08/2019 | 2 | 45.60 | 06/08/2019 | Book |